Riconosci la Squadra di calcio - Quiz n°44 - Statistics

Statistiche generali
  • Questo quiz è stato fatto 14 volte
  • Il punteggio medio è 9 su 12
Statistiche sulle risposte
Indizio Risposta % Corretto
Colori sociali Bianco, rosso
91%
Titoli nazionali 0
82%
Trofei nazionali 1 Coppa Italia Dilettanti Puglia
1 Coppa Italia Dilettanti Nazionale
1 Supercoppa di Promozione Puglia
82%
Simboli Cavaliere
82%
Divisione nazionale 2023-2024 Quarta
82%
Fondazione 1922
73%
Rifondazione 1995
73%
Rifondazione 2015
73%
Confederazione UEFA
73%
Trofei internazionali 0
64%
Capienza Stadio 8 449 posti
64%
Squadra Barletta
45%
Nessun quiz corrispondente trovato
Distribuzione punteggi
Percentuale di utenti per punteggio
Percentile per numero di risposta
I tuoi punteggi nel tempo
Non hai fatto questo quiz